Comparatives Study of Conventional Air Conditioniner and Chiller Plant for Mechanical Engineering Department Quest Nawabshah (Record no. 58522)

MARC details
000 -LEADER
fixed length control field 00472nam a2200157Ia 4500
100 ## - MAIN ENTRY--AUTHOR NAME
Personal name 12ME64
100 ## - MAIN ENTRY--AUTHOR NAME
Personal name Ali Mustafa shah
245 #0 - TITLE STATEMENT
Title Comparatives Study of Conventional Air Conditioniner and Chiller Plant for Mechanical Engineering Department Quest Nawabshah
260 ## - PUBLICATION, DISTRIBUTION, ETC. (IMPRINT)
Place of publication Nawabshah
260 ## - PUBLICATION, DISTRIBUTION, ETC. (IMPRINT)
Name of publisher QUEST
260 ## - PUBLICATION, DISTRIBUTION, ETC. (IMPRINT)
Year of publication 2012
300 ## - PHYSICAL DESCRIPTION
Number of Pages 70
700 ## - ADDED ENTRY--PERSONAL NAME
Personal name Department of Mechanical Engineering
Holdings
Withdrawn status Lost status Home library Current library Date acquired Accession Number Koha item type
    Central Library, QUEST, Nawabshah Research Section 24/04/2018 MEP/26-343 Thesis and Dissertation